"Az aranyosok kollégiumi élete" avagy a kollégium hatása a Kisvárdai Bessenyei György Gimnázium és Kollégium Arany János Tehetséggondozó Programjában részt vevő tanulókra

Bibliographic Details
Main Author: Budáné Aros Judit
Other Authors: Hatalyák Aranka
Format: Thesis
Kulcsszavak:Kollégium
AJTP
Kisvárda
Online Access:http://dolgozattar.uni-bge.hu/15994

MARC

LEADER 00000nta a2200000 i 4500
001 dolg15994
005 20181115154456.0
008 180516suuuu hu om 000 hun d
040 |a BGE Dolgozattár Repozitórium  |b hun 
041 |a hu 
100 1 |a Budáné Aros Judit 
245 1 0 |a "Az aranyosok kollégiumi élete" avagy a kollégium hatása a Kisvárdai Bessenyei György Gimnázium és Kollégium Arany János Tehetséggondozó Programjában részt vevő tanulókra  |c Budáné Aros Judit  |h [elektronikus dokumentum] 
246 1 1 |a "Az aranyosok kollégiumi élete" avagy a kollégium hatása a Kisvárdai Bessenyei György Gimnázium és Kollégium Arany János Tehetséggondozó Programjában részt vevő tanulókra 
695 |a Kollégium 
695 |a AJTP 
695 |a Kisvárda 
700 1 |a Hatalyák Aranka  |e ths 
856 4 0 |u http://dolgozattar.uni-bge.hu/15994/1/Bud%C3%A1n%C3%A9%20Aros%20Judit%20Szakdolgozat%202018.pdf  |z Dokumentum-elérés